Status of Women in the muslim World (Record no. 308173)
[ view plain ]
| 000 -LEADER | |
|---|---|
| fixed length control field | 00249 a2200109 4500 |
| 001 - CONTROL NUMBER | |
| control field | 73100 |
| 082 ## - DEWEY DECIMAL CLASSIFICATION NUMBER | |
| Classification number | 297.2 ALI |
| 090 ## - LOCALLY ASSIGNED LC-TYPE CALL NUMBER (OCLC); LOCAL CALL NUMBER (RLIN) | |
| -- | 38861 |
| -- | 38861 |
| 100 ## - MAIN ENTRY--PERSONAL NAME | |
| Personal name | Ali ,P.S |
| 245 ## - TITLE STATEMENT | |
| Title | Status of Women in the muslim World |
| Statement of responsibility, etc. | Ali |
| 260 ## - PUBLICATION, DISTRIBUTION, ETC. | |
| Place of publication, distribution, etc. | Lahore |
| Name of publisher, distributor, etc. | Aziz Pub |
| 942 ## - ADDED ENTRY ELEMENTS (KOHA) | |
| Institution code [OBSOLETE] | CAENUST |
| Call number prefix | 297.2 ALI |
| Withdrawn status | Lost status | Damaged status | Not for loan | Collection code | Permanent Location | Current Location | Date acquired | Total Checkouts | Full call number | Barcode | Date last seen | Price effective from | Koha item type |
|---|---|---|---|---|---|---|---|---|---|---|---|---|---|
| College of Aeronautical Engineering (CAE) | College of Aeronautical Engineering (CAE) | 04/03/2017 | 297.2 ALI | CAE21985 | 04/05/2017 | 04/05/2017 | Book |
